000 00725nam a22002297a 4500
005 20170124105957.0
010 _a697432
020 _c22.50
035 _a697432
037 _bCen Lib/Ret
040 _aDPL
_bEN
082 _a382.6
_bAGR
100 _aAgrawal, C.P.
_914971
245 _aExport credit and financing in India /
_cby C. P. Agrawal [and] Shakuntala Agrawal
260 _aChandausi
_bIndian Exports Institute
_c1972
270 _bUttar Pradesh
300 _a143p. :
_c20cm(Hb)
650 _aExchange control on all exports in India.
_914972
650 _aFinancing and refinancing of exports in India.
_914973
700 _aAgrawal, Shakuntala
_914974
942 _2ddc
_cEN
_h382.6
_mAGR
999 _c125624
_d125624